LEADER 00856nam a2200241 i 4500 001 000000225212 003 CaOOAMICUS 005 20131126000000.0 008 131126s1974 it u000 u ita u 013 $a204113 040 $aSeMil$bita 100 1 $aBrancati, Vitaliano <1907-1954>.$0(OLS)http://semarc/name/28007 245 10$aPaolo il caldo /$cVitaliano Brancati. 250 $a11. ed. 260 $aMilano :$bBompiani,$c1974. 300 $a301 p. ;$c21 cm. 490 0 $aI delfini. Nuova serie ;$v5 830 2$aI delfini. Nuova serie ;$v5.$0(OLS)http://semarc/title/39652 850 $aSeMil 852 $aSeMil$W1$xVenegono$y1$m1A II 22$j175558$B175558$CSeMilBibl$Z2$F187563 $81 961 $aOmaggio: Altro 996 $6245$aPaolo il caldo$9(OLS)http://semarc/title/322617 996 $6260$aMilano :$bBompiani$9(OLS)http://semarc/publisher/29706 LEADER 01012nam a2200205 i 4500 001 000000232726 003 CaOOAMICUS 005 20140904000000.0 008 140904s1908 it u000 u ita u 013 $a211629 040 $aSeMil$bita 100 1 $aSpada, Domenico,$c.$0(OLS)http://semarc/name/28977 245 10$aGrammatica greca del Nuovo Testamento :$bcompilata ad uso delle scuole teologiche secondo le recenti disposizioni di S. S. Papa Pio 10. /$cCan. Dott. Domenico Spada. 260 $aFaenza :$bMontanari,$c1908. 300 $a180 p. ;$c22 cm. 650 4$aLingua greca biblica - Grammatica.$0(OLS)http://semarc/subject/4870 850 $aSeMil 852 $aSeMil$W1$xVenegono$y1$m2Z V 63$j183072$B183072$CSeMilBibl$Z2$F194046 $81 996 $6245$aGrammatica greca del Nuovo Testamento :$bcompilata ad uso delle scuole teologiche secondo le recenti disposizioni di S. S. Papa Pio 10.$9(OLS)http://semarc/title/332040 996 $6260$aFaenza :$bMontanari$9(OLS)http://semarc/publisher/54025